Účasť pracujúcich na riadení súčasnosť a perspektívy
Gespeichert in:
| Format: | Buch |
|---|---|
| Sprache: | Slowakisch |
| Veröffentlicht: |
Bratislava
Dom techn. ČSVTS
1988
|
| Tags: |
Keine Tags, Fügen Sie das erste Tag hinzu!
|
MARC
| LEADER | 00000nam a2200000 4500 | ||
|---|---|---|---|
| 001 | c031318 | ||
| 005 | 20250929132859.7 | ||
| 041 | 0 | |a slo | |
| 044 | |a SK | ||
| 245 | 1 | 0 | |a Účasť pracujúcich na riadení |b súčasnosť a perspektívy |
| 264 | 1 | |a Bratislava |b Dom techn. ČSVTS |c 1988 | |
| 300 | |a 87 s. | ||